| 000 | 00895cam a22002295a 4500 | ||
|---|---|---|---|
| 001 | L147631 | ||
| 008 | 090601s2008 xxk f 000 0 eng d | ||
| 020 | _a9780749451608 | ||
| 035 | _a(Sirsi) u147631 | ||
| 041 | 0 | _aeng | |
| 100 | 1 | _aDive,Brian | |
| 245 | 0 | 4 |
_aThe acountable leader _bDeveloping effective leadership through managerial accountability |
| 260 |
_aLondon _bKogan Page _c2008 |
||
| 300 |
_axi, 260 p. _b ill. _c25cm. |
||
| 350 | _a£18.99 | ||
| 520 | _aThis book explores leadership, accountability and organisational structures specifically for managers in any organisation. It illustrates how these three concepts are related by giving examples with case studies and practical tips. | ||
| 650 | 2 | 4 | _aLeadership |
| 650 | 2 | 4 | _aOrganizational effectiveness |
| 651 | 4 | _aENGLAND AND WALES | |
| 856 | 4 | 8 | _uhttps://194.154.180.3/uhtbin/cgisirsi.exe/0/0/0/1/117/X/ |
| 942 | _n0 | ||
| 999 |
_c109662 _d109662 |
||